000 00736nam a2200253Ia 4500
003 OSt
005 20220926012248.0
006 a|||||r|||| 00| 0
007 ta
008 220923b |||||||| |||| 00| 0 eng d
020 _a0 521 367131 1
037 _cGeneral Book
040 _aRTL
_cRTL
_beng
041 _2eng
_aeng
082 _aY38.5.N, N3
100 _aTeich Mikulas
_9249655
245 0 _aNational question in Europe in historical context
260 _aNew York
_bCambridge University Press
_c1993
300 _axx ,343p
_ccm.
650 _aNationalism Sociology
700 _a Porter Roy Ed.
_97881
942 _hY38.5.N, N3
_cGB
_2CC
999 _c622270
_d622270